LIBRARY & INFORMATION CENTRE, KCAET, TAVANUR

ONLINE PUBLIC ACCESS CATALOGUE (OPAC)

Introduction to climatology for the tropics / (Record no. 2026)

MARC details
000 -LEADER
fixed length control field 00460cam a2200181ua 4500
020 ## - INTERNATIONAL STANDARD BOOK NUMBER
ISBN 0 471 10349 7
041 ## - LANGUAGE CODE
Language code of text/sound track or separate title eng
082 ## - DEWEY DECIMAL CLASSIFICATION NUMBER
Classification number 551.6
Item number AYO/IN
100 ## - MAIN ENTRY--AUTHOR NAME
Personal name Ayoade, J.O .
245 ## - TITLE STATEMENT
Title Introduction to climatology for the tropics /
250 ## - EDITION STATEMENT
Edition statement 1 /
260 ## - PUBLICATION, DISTRIBUTION, ETC. (IMPRINT)
Place of publication :
Name of publisher John Wiley & Sons ,
Year of publication 1983.
300 ## - PHYSICAL DESCRIPTION
Number of Pages 258 ; .
942 ## - ADDED ENTRY ELEMENTS (KOHA)
Koha item type Books
Holdings
Withdrawn status Lost status Damaged status Home library Current library Date acquired Full call number Accession Number Koha item type
      KAUAET KAUAET 07/04/2012 551.6 AYO/IN 15882 Books
free website counter